000 00497nam a22001577a 4500
008 170221b xxu||||| |||| 00| 0 eng d
020 _a9781111519925
050 _aBF 713
_b.R38 2012
100 _aSpencer A. Rathus
245 _aHDEV : Human Development
_bA Student- Tested , Faculty-Approved Approach to Teaching and Learning
_cSpencer A. Rathus
250 _aInstructor Edition
260 _aUSA
_bWadsworth
_c2012
300 _axiii,403p
_c28cm
500 _aincludes index
942 _2lcc
_cBK
999 _c48855
_d48855